[Event "KP MKSS 21/22, Havirov-BSS"]
[Site ""]
[Date "2022.03.27"]
[Round "11.6"]
[White "Buchta, Bartolomej"]
[Black "Drbul, Pavel"]
[Result "1/2-1/2"]
[WhiteElo "1904"]
[BlackElo "1823"]
[PlyCount "0"]
[WhiteTeam "BSS Frydek-Mistek D"]
[BlackTeam "Banik Havirov B"]
[EventDate "2021.10.10"]

1. e4 c5 2. Nf3 Nc6 3. d4 cxd4 4. Nxd4 d6 5. Nc3 Bd7 6. Be3 Nf6 7. Be2 g6 8. Qd2 Nxd4
9. Bxd4 Bc6 10. Bxf6 exf6 11. O-O-O Qa5 12. Bc4 Be7 13. Kb1 Qb6 14. Qh6 Qb4  1/2-1/2

[Event "KP MKSS 21/22, Havirov-BSS"]
[Site ""]
[Date "2022.03.27"]
[Round "11.7"]
[White "Bukovy, Josef"]
[Black "Lepik, Jaroslav"]
[Result "1/2-1/2"]
[WhiteElo "1642"]
[BlackElo "1832"]
[PlyCount "0"]
[WhiteTeam "Banik Havirov B"]
[BlackTeam "BSS Frydek-Mistek D"]
[EventDate "2021.10.10"]

1. e4 Nf6 2. Nc3 d6 3. d4 g6 4. Bg5 Bg7 5. Qd2 Nbd7 6. Nf3 h6 7. Be3 Ng4 8. O-O-O Nxe3
9. Qxe3 c6 10. e5 Nf8 11. d5 Qb6 12. exd6 Qxe3+ 13. fxe3 exd6 14. Ne4 cxd5 15. Nxd6+ Ke7 16. Nxc8+ Rxc8
17. Rxd5 Ne6 18. Bb5 Rhd8 19. Rhd1 Rxd5 20. Rxd5 Rc7 21. Be2 Nc5  1/2-1/2

[Event "KP MKSS 21/22, Havirov-BSS"]
[Site ""]
[Date "2022.03.27"]
[Round "11.8"]
[White "Buchtova, Viktorie"]
[Black "Oczko, Zdenek"]
[Result "1/2-1/2"]
[WhiteElo "1494"]
[BlackElo "1607"]
[PlyCount "0"]
[WhiteTeam "BSS Frydek-Mistek D"]
[BlackTeam "Banik Havirov B"]
[EventDate "2021.10.10"]

1. e4 d5 2. exd5 Qxd5 3. Nc3 Qa5 4. d4 e6 5. Bd2 Nc6 6. Nf3 Bd7 7. Bc4 Qh5 8. O-O Bd6
9. Nb5 Nge7 10. Nxd6+ cxd6 11. c3 O-O 12. Bf4 d5 13. Bd3 f6 14. Re1 Qf7 15. Qc2 Ng6 16. Bg3 Rfe8
17. Nh4 f5 18. Nxg6 hxg6 19. Bf4 Rac8 20. Qd2 a6 21. Re3 Qf8 22. Rae1 Kf7 23. Bg5 Qd6 24. f4 Rh8
25. g4 Rce8 26. gxf5 exf5 27. Rxe8 Rxe8 28. Rxe8 Bxe8 29. Qe2 b5 30. h4 Qe6 31. Qd1 Qe3+ 32. Kg2 Ke6
33. Qe2  1/2-1/2

[Event "KP MKSS 21/22, Karvina-Poruba"]
[Site ""]
[Date "2022.03.27"]
[Round "11.1"]
[White "Olsar, Jaroslav"]
[Black "Dostal, Radim"]
[Result "1-0"]
[WhiteElo "2094"]
[BlackElo "1981"]
[PlyCount "0"]
[WhiteTeam "SK Karvina B"]
[BlackTeam "SK Slavoj Poruba D"]
[EventDate "2021.10.10"]

1. d4 Nf6 2. c4 c5 3. d5 e6 4. Nc3 exd5 5. cxd5 d6 6. Bf4 g6 7. Nf3 Bg7 8. e3
O-O 9. h3 Na6 10. Bc4 Nc7 11. O-O Rb8 12. a4 a6 13. a5 b5 14. axb6 Rxb6 15. Ra2
Nb5 16. Na4 Rb7 17. Nd2 Re7 18. Nc3 Nxc3 19. bxc3 Bb7 20. Qf3 Rfe8 21. Rd1 Qc7
22. Bg5 Ne4 23. Bxe7 Nxd2 24. Rdxd2 Qxe7 25. Bxa6 Bxc3 26. Rdc2 Bxa6 27. Rxa6
Qb7 28. Rca2 Re5 29. e4 Bd4 30. Ra8+ Kg7 31. R8a7  1-0

[Event "KP MKSS 21/22, Karvina-Poruba"]
[Site ""]
[Date "2022.03.27"]
[Round "11.2"]
[White "Vicha, Marek"]
[Black "Belacik, Jan"]
[Result "1/2-1/2"]
[WhiteElo "1941"]
[BlackElo "1886"]
[PlyCount "0"]
[WhiteTeam "SK Slavoj Poruba D"]
[BlackTeam "SK Karvina B"]
[EventDate "2021.10.10"]

1. d4 d5 2. Nf3 Nf6 3. e3 e6 4. Bd3 Bd6 5. O-O c6 6. b3 Nbd7 7. Bb2
O-O 8. Nbd2 Re8 9. Ne5 Qc7 10. f4 c5 11. Rf3 a6 12. Rg3 Kf8 13. Nxd7+ Bxd7 14.
Nf3 b5 15. dxc5 Bxc5 16. Ng5 Qxf4 17. Nxh7+  1/2-1/2

[Event "KP MKSS 21/22, Karvina-Poruba"]
[Site ""]
[Date "2022.03.27"]
[Round "11.3"]
[White "Sobek, Rostislav"]
[Black "Hanak, Tomas"]
[Result "1/2-1/2"]
[WhiteElo "1863"]
[BlackElo "1933"]
[PlyCount "0"]
[WhiteTeam "SK Karvina B"]
[BlackTeam "SK Slavoj Poruba D"]
[EventDate "2021.10.10"]

1. d4 d5 2. c4 c6 3. cxd5 cxd5 4. Nc3 Nf6 5. Nf3 Nc6 6. e3 Bf5 7. Bd3
Bxd3 8. Qxd3 e6 9. O-O Bd6 10. Bd2 O-O 11. Rac1 Rc8 12. e4 dxe4 13. Nxe4 Be7
14. Bg5 Nxe4 15. Bxe7 Nxf2 16. Qxh7+ Kxh7 17. Bxd8 Nh3+ 18. gxh3 Rcxd8 19. Rcd1
Rd5 20. Rd2 Rfd8 21. Rfd1 Kg8 22. Kf2 f6 23. Ke3 Kf7 24. Rc1 Ne7 25. Rc7 R5d7
26. Rxd7 Rxd7 27. Re2 Nd5+ 28. Ke4 Rd8 29. h4 Rh8 30. a3 Ke7 31. Rg2 Kf7 32.
Rc2 Ke7 33. Rg2 Kf7  1/2-1/2

[Event "KP MKSS 21/22, Karvina-Poruba"]
[Site ""]
[Date "2022.03.27"]
[Round "11.4"]
[White "Cempel, Jaroslav"]
[Black "Konecny, Vladimir"]
[Result "1-0"]
[WhiteElo "2024"]
[BlackElo "1762"]
[PlyCount "0"]
[WhiteTeam "SK Slavoj Poruba D"]
[BlackTeam "SK Karvina B"]
[EventDate "2021.10.10"]

1. e4 e6 2. d4 d5 3. Nd2 b6 4. Ngf3 Bb7 5. Bd3 Nd7 6. Qe2 dxe4 7. Nxe4 Ngf6 8.
Bd2 Be7 9. O-O-O Nxe4 10. Bxe4 Bxe4 11. Qxe4 O-O 12. Kb1 Nf6 13. Qe2 Qd5 14.
Rhe1 h6 15. c4 Qh5 16. d5 Bd6 17. dxe6 Rae8 18. exf7+ Rxf7 19. Qd3 Rfe7 20.
Rxe7 Rxe7 21. h3 a5 22. Be3 Rd7 23. Qc2 Qe8 24. Qf5 Qe4+ 25. Qxe4 Nxe4 26. Kc2
Kf7 27. Ne5+ Bxe5 28. Rxd7+ Ke6 29. Rd1 h5 30. g4 hxg4 31. hxg4 g6 32. Re1 Nf6
33. f4 Bd6 34. Bd4+ Kf7 35. Bxf6 Kxf6 36. Re4 Bc5 37. Kd3 Kf7 38. Re2 Kf6 39.
Ke4 Bd6 40. b3 Kf7 41. Re1 Bb4 42. Rh1 Bd6 43. f5 Kg7 44. Rd1 Bg3 45. g5 gxf5+
46. Kxf5 Bd6  1-0

[Event "KP MKSS 21/22, Karvina-Poruba"]
[Site ""]
[Date "2022.03.27"]
[Round "11.5"]
[White "Repak, Jan"]
[Black "Jarolim, Jan"]
[Result "1-0"]
[WhiteElo "1752"]
[BlackElo "1952"]
[PlyCount "0"]
[WhiteTeam "SK Karvina B"]
[BlackTeam "SK Slavoj Poruba D"]
[EventDate "2021.10.10"]

1. Nf3 Nf6 2. c4 c5 3. d4 cxd4 4. Nxd4 d5 5. Bf4 Nc6 6. Nxc6 bxc6
7. g3 Qa5+ 8. Qd2 Qxd2+ 9. Nxd2 e6 10. Bg2 Be7 11. O-O O-O 12. Rfc1
Ba6 13. Kf1 Rac8 14. cxd5 cxd5 15. Be3 Ng4 16. Bxa7 Bf6 17. h3 Nh6 18. Rab1
Bxb2 19. Rxc8 Rxc8 20. Bxd5 exd5 21. Rxb2 Kf8 22. Rb8 Rxb8 23. Bxb8 Nf5 24. Ke1
Ke7 25. Nf3 Nd6 26. Bxd6+ Kxd6 27. Kd2 f6 28. e3 Bf1 29. h4 Kc5 30. Kc3 Bh3 31.
Nd2 g5 32. Nb3+ Kb5 33. Kd4 Kb4 34. Kxd5 Ka3 35. Nc1 Kb2 36. a4
Kxc1 37. a5 Kd2 38. a6 g4 39. Ke6 Ke2 40. Kxf6 Kxf2 41. e4 Bg2 42. Kf5 Ke3 43.
e5 Kf3 44. e6 Kxg3 45. e7 Bc6 46. h5 Kh3 47. a7 g3 48. a8=Q Bxa8 49. e8=Q g2
50. Qe3+ Kh2 51. Qf2 Kh1 52. Qh4+ Kg1 53. Kf4 Bb7 54. Kg3 Ba8 55. Qa4  1-0

[Event "KP MKSS 21/22, Karvina-Poruba"]
[Site ""]
[Date "2022.03.27"]
[Round "11.6"]
[White "Chlevistan, Jakub"]
[Black "Walowy, Bohumir"]
[Result "1-0"]
[WhiteElo "2060"]
[BlackElo "1991"]
[PlyCount "0"]
[WhiteTeam "SK Slavoj Poruba D"]
[BlackTeam "SK Karvina B"]
[EventDate "2021.10.10"]

1. e4 e5 2. Nf3 Nc6 3. Bc4 Nf6 4. d3 Bc5 5. O-O d6 6. c3 Bb6 7. h3
O-O 8. Bg5 Qe7 9. Re1 Nd8 10. Nbd2 Ne6 11. Be3 h6 12. d4 Nf4 13. Bxf4 exf4 14.
e5 Nh7 15. exd6 Qxd6 16. Ne4 Qd8 17. Ne5 Ng5 18. Nxg5 hxg5 19. Nxf7 Rxf7 20.
Qh5 Qf8 21. Bxf7+ Qxf7 22. Re8+ Qxe8 23. Qxe8+ Kh7 24. Re1  1-0

[Event "KP MKSS 21/22, Karvina-Poruba"]
[Site ""]
[Date "2022.03.27"]
[Round "11.7"]
[White "Folwarczny, Jiri"]
[Black "Kudla, Richard"]
[Result "1/2-1/2"]
[WhiteElo "1751"]
[BlackElo "2021"]
[PlyCount "0"]
[WhiteTeam "SK Karvina B"]
[BlackTeam "SK Slavoj Poruba D"]
[EventDate "2021.10.10"]

1. e4 c6 2. d4 d5 3. Nc3 dxe4 4. Nxe4 Nf6 5. Nxf6+ exf6 6. Bc4 Qe7+
7. Qe2 Be6 8. Bxe6 Qxe6 9. Qxe6+ fxe6 10. Ne2 Nd7 11. Bf4 c5 12. dxc5 Bxc5 13.
O-O e5 14. Bd2 O-O 15. b4 Bb6 16. c4 Rfd8 17. a4 Nf8 18. Rfd1 Bd4 19. Bc3 Bxc3
20. Nxc3 Ne6 21. Rxd8+ Rxd8 22. Rd1 Rc8 23. c5 a5 24. Nd5 Kf7 25. Nb6 Rc7 26.
bxa5 Nd4 27. f4 Rxc5 28. fxe5 fxe5 29. Nd7 Rd5 30. Nxe5+ Ke6 31. Nd3 Rxa5 32.
Nc5+ Rxc5  1/2-1/2

[Event "KP MKSS 21/22, Karvina-Poruba"]
[Site ""]
[Date "2022.03.27"]
[Round "11.8"]
[White "Stracanek, Vladimir"]
[Black "Krajcovic, Filip"]
[Result "1-0"]
[WhiteElo "1780"]
[BlackElo "1610"]
[PlyCount "0"]
[WhiteTeam "SK Slavoj Poruba D"]
[BlackTeam "SK Karvina B"]
[EventDate "2021.10.10"]

1. e4 e5 2. Nf3 Nc6 3. Bc4 Nf6 4. d3 Bc5 5. O-O O-O 6. a3 h6 7. c3
a6 8. Nbd2 d5 9. exd5 Nxd5 10. Ne4 Ba7 11. Re1 Bg4 12. h3 Bh5 13. Ng3 Bg6 14.
Nxe5 Nxe5 15. Rxe5 Bxf2+ 16. Kh2 Bxg3+ 17. Kxg3 Nf6 18. Bf4 b5 19. Bb3 Bxd3 20.
Qf3 Bg6 21. Rd1 Qc8 22. Bxh6 Nh5+ 23. Rxh5 Bxh5 24. Qxh5 gxh6 25. Qg6+ Kh8 26.
Qxh6+ Kg8 27. Rd4 Qe6 28. Bxe6  1-0

[Event "KP MKSS 21/22, Jih-Ostrava"]
[Site ""]
[Date "2022.03.27"]
[Round "11.1"]
[White "Cvek, Robert"]
[Black "Neumann, Filip"]
[Result "1/2-1/2"]
[WhiteElo "2490"]
[BlackElo "2124"]
[PlyCount "0"]
[WhiteTeam "SK Ostrava-Jih A"]
[BlackTeam "TJ Ostrava B"]
[EventDate "2021.10.10"]

1. Nf3 Nf6 2. c4 c6 3. e3 d5 4. d4 e6 5. Bd3 Nbd7 6. b3 Bb4+ 7. Nbd2 Ne4 8. a3
Bc3 9. Rb1 f5 10. b4 a5 11. Qb3 axb4 12. axb4 Qe7 13. O-O Bxd2 14. Nxd2 O-O 15.
b5 Ndf6 16. f3 Nxd2 17. Bxd2 Qa3 18. Qc2 Qa4 19. Qxa4 Rxa4 20. bxc6 bxc6 21.
Ra1 Rxa1 22. Rxa1 Bd7 23. Ra7 Rb8 24. Kf2 Kf8 25. Ke2 Ke8 26. c5 g6 27. Kd1 h5
28. h4 Ng8 29. Be1 Ne7 30. Kc2 Nc8 31. Ra1 Rb7 32. Bc3 Ra7 33. Rb1 Ra2+ 34. Bb2
Ne7 35. Kb3 Ra8 36. Bc3 Bc8 37. Ra1 Rxa1 38. Bxa1 Kd7 39. Kb4 Kc7 40. Ka5 Kb7
41. Bc3 Ka7 42. Be1 Ng8 43. Bg3 Nf6 44. Bc7 Nd7 45. Be2 Kb7 46. Bf4 Ka7 47. Bd6
Ka8 48. Bh2 Ka7 49. Bf4 Ka8 50. Bh6 e5 51. dxe5 Ka7 52. e6 Nxc5 53. e7 Bd7 54.
Kb4 Ne6 55. g4 fxg4 56. fxg4 Be8 57. gxh5 gxh5 58. Bd3 Kb6 59. Bf5 c5+ 60. Kc3
1/2-1/2

[Event "KP MKSS 21/22, Jih-Ostrava"]
[Site ""]
[Date "2022.03.27"]
[Round "11.3"]
[White "Vesselovsky, Serguei"]
[Black "Skola, Miroslav"]
[Result "1/2-1/2"]
[WhiteElo "2311"]
[BlackElo "2080"]
[PlyCount "0"]
[WhiteTeam "SK Ostrava-Jih A"]
[BlackTeam "TJ Ostrava B"]
[EventDate "2021.10.10"]

1. e4 e6 2. d4 d5 3. Nc3 Nf6 4. Bg5 dxe4 5. Nxe4 Nbd7 6. Nxf6+ Nxf6 7. Nf3 Be7
8. Bd3 O-O 9. O-O b6 10. Qe2 Bb7 11. Rad1 Bxf3 12. Qxf3 Qd5 13. Qxd5 Nxd5 14.
Bc1 Rad8 15. c3 c5 16. dxc5 Bxc5 17. g3 Be7 18. Be4 Nf6 19. Bc6 Rxd1 20. Rxd1
Rd8 21. Rxd8+ Bxd8 22. Bf4 Nd5 23. Bb8 a5 24. Be5 Bf6 25. Bb8 Bd8 26. a3 f5 27.
Ba7 Bc7 28. c4 Ne7 29. Bd7 Kf7 30. c5 Nd5 31. Bc6 bxc5 32. Bxc5 Bb6 33. Bd6 Bc7
1/2-1/2

[Event "KP MKSS 21/22, Jih-Ostrava"]
[Site ""]
[Date "2022.03.27"]
[Round "11.4"]
[White "Kanok, Jaroslav"]
[Black "Raiman, Tom"]
[Result "1-0"]
[WhiteElo "2155"]
[BlackElo "1865"]
[PlyCount "0"]
[WhiteTeam "TJ Ostrava B"]
[BlackTeam "SK Ostrava-Jih A"]
[EventDate "2021.10.10"]

1. d4 Nf6 2. c4 g6 3. Nc3 Bg7 4. e4 d6 5. f3 O-O 6. Be3 e5 7. Nge2 c6 8. Qd2 a6
9. O-O-O b5 10. dxe5 Nfd7 11. exd6 Ne5 12. Ng3 Qa5 13. f4 Nxc4 14. Bxc4 bxc4
15. Bd4 c5 16. Bxg7 Kxg7 17. Nd5 Qxa2 18. Qc3+ f6 19. Kd2 Nc6 20. Ra1 Qb3 21.
Qxb3 cxb3 22. Kc3 Rb8 23. Kc4 Rd8 24. Kxc5 Na7 25. Nc7 Nb5 26. Nxa6 Rb7 27.
Rhd1 Bd7 28. Nc7 Nxc7 29. dxc7 Rxc7+ 30. Kd6 Rb7 31. Rd5 Rc8 32. Rda5 Rc6+ 33.
Kd5 Rbc7 34. Ra7 Be6+ 35. Kd4 Rxa7 36. Rxa7+ Bf7 37. e5 fxe5+ 38. fxe5 Kf8 39.
Ne4 Rc4+ 40. Ke3 Rc2 41. Ng5 Bg8 42. e6 Rxb2 43. Ra8+ Ke7 44. Rxg8 Rxg2 45.
Rg7+ Kd6 46. Rd7+ Kc6 47. Nf3 b2 48. Rd1 Rc2 49. e7 1-0

[Event "KP MKSS 21/22, Jih-Ostrava"]
[Site ""]
[Date "2022.03.27"]
[Round "11.5"]
[White "Cap, Simon"]
[Black "Didi, Jan"]
[Result "0-1"]
[WhiteElo "1790"]
[BlackElo "2032"]
[PlyCount "0"]
[WhiteTeam "SK Ostrava-Jih A"]
[BlackTeam "TJ Ostrava B"]
[EventDate "2021.10.10"]

1. e4 c5 2. Nf3 e6 3. c3 d5 4. exd5 Qxd5 5. d4 cxd4 6. cxd4 Nf6 7. Nc3 Qd8 8.
Bd3 Nc6 9. Bf4 Be7 10. O-O O-O 11. Rc1 Nb4 12. Bb1 b6 13. a3 Nbd5 14. Nxd5 Nxd5
15. Qd3 g6 16. Bh6 Re8 17. Ne5 Bb7 18. Qf3 Bf6 19. Bg5 Qe7 20. Bxf6 Nxf6 21.
Qg3 Rac8 22. Nc4 Red8 23. Rfd1 Qd7 24. Qe5 Qd5 25. Qxd5 Nxd5 26. Be4 Kg7 27. g3
Ba6 28. Ne5 Nf6 29. Bf3 Rxd4 30. Nc6 Rxd1+ 31. Rxd1 Bb7 32. Ne5 Bxf3 33. Nxf3
Rc2 34. b3 Rc3 35. Nd4 e5 36. Nb5 Rxb3 37. Nxa7 Rxa3 38. Nc8 Rb3 39. Rd6 b5 40.
Rb6 Ne4 41. Rb7 b4 42. f3 Nc5 43. Rb5 Nd3 44. Nd6 Rb1+ 45. Kg2 b3 46. Nc4 b2
47. Rb3 Rc1 48. Na3 Ra1 49. Rxd3 Rxa3 0-1

[Event "KP MKSS 21/22, Jih-Ostrava"]
[Site ""]
[Date "2022.03.27"]
[Round "11.6"]
[White "Kander, Ladislav"]
[Black "Kusak, Lubomir"]
[Result "1-0"]
[WhiteElo "2033"]
[BlackElo "1715"]
[PlyCount "0"]
[WhiteTeam "TJ Ostrava B"]
[BlackTeam "SK Ostrava-Jih A"]
[EventDate "2021.10.10"]

1. c4 e5 2. Nc3 f5 3. d3 Nf6 4. Nf3 d6 5. g3 Be7 6. Bg2 O-O 7. O-O c6 8. Rb1 a5
9. a3 Nbd7 10. b4 axb4 11. axb4 Re8 12. Qb3 Nf8 13. b5 Qc7 14. bxc6 bxc6 15.
Ng5 Ne6 16. Nxe6 Bxe6 17. Qb6 Rac8 18. Bg5 Red8 19. Rfc1 h6 20. Bd2 Qd7 21. Qa6
d5 22. Rb7 Qd6 23. cxd5 cxd5 24. Rb6 Qa3 25. Rxe6 d4 26. Na2 Ra8 27. Bxa8 1-0

[Event "KP MKSS 21/22, Jih-Ostrava"]
[Site ""]
[Date "2022.03.27"]
[Round "11.7"]
[White "Jaros, Bohumil"]
[Black "Chrostek, Lukas"]
[Result "0-1"]
[WhiteElo "1820"]
[BlackElo "1862"]
[PlyCount "0"]
[WhiteTeam "SK Ostrava-Jih A"]
[BlackTeam "TJ Ostrava B"]
[EventDate "2021.10.10"]

1. e4 e5 2. Nf3 Nc6 3. Bb5 a6 4. Ba4 Nf6 5. O-O b5 6. Bb3 Be7 7. d3 O-O 8. c3
d6 9. h3 Na5 10. Bc2 c5 11. d4 cxd4 12. cxd4 Qc7 13. Nbd2 Bb7 14. d5 Rac8 15.
Bd3 Nc4 16. b3 Nxd2 17. Bxd2 Nd7 18. Rc1 Qb8 19. Bg5 Bxg5 20. Nxg5 h6 21. Nf3
f5 22. Rxc8 Rxc8 23. Nd2 fxe4 24. Bxe4 Nf6 25. Bf5 Rc5 26. Be6+ Kh8 27. f4 Bxd5
28. fxe5 dxe5 29. Bxd5 Rxd5 30. Qe2 Qb6+ 31. Kh1 Qd4 32. Nf3 Qe4 33. Qb2 Qd3
34. Rc1 e4 35. Ng1 e3 36. Nf3 e2 37. Re1 Nh5 38. Qc1 Rf5 39. Qc8+ Kh7 40. Qc6
Ng3+ 41. Kh2 Nf1+ 42. Kh1 Rf6 43. Qb7 Ng3+ 44. Kh2 Ne4 45. Qc7 Rxf3 46. gxf3
Qxf3 47. Rg1 Qf2+ 48. Rg2 Qxg2+ 49. Kxg2 e1=Q 0-1